Przystanki Początkowe oraz końcowe każdego autobusu - Statystyki

Ogólne statystyki
  • Ten quiz został rozwiązany 4 razy
  • Średni wynik to 47 z 76
Statystyki odpowiedzi
Linia Przystanki % Poprawnych
80 Ludowa
100%
56 Basen Górniczy
75%
72 Basen Górniczy
75%
73 Basen Górniczy
75%
73 Basen Górniczy
75%
54 Dąbie Osiedle
75%
56 Dąbie Osiedle
75%
64 Dąbie Osiedle
75%
58 Gocław
75%
79 Jezierzyce
75%
51 Kołłątaja
75%
57 Kołłątaja
75%
63 Kołłątaja
75%
69 Kołłątaja
75%
78 Kołłątaja
75%
82 Kołłątaja
75%
89 Kołłątaja
75%
92 Kołłątaja
75%
78 Osiedle Arkońskie
75%
66 Osiedle Bukowe
75%
77 Osiedle Bukowe
75%
74 Osiedle Zawadzkiego
75%
75 Osiedle Zawadzkiego
75%
58 Plac Rodła
75%
59 Plac Rodła
75%
68 Plac Rodła
75%
74 Plac Rodła
75%
86 Plac Rodła
75%
61 SKM Podjuchy
75%
66 SKM Podjuchy
75%
85 SKM Podjuchy
75%
72 Śmierdnica
75%
85 Smocza Falskiego
75%
53 Stocznia Szczecińska
75%
60 Stocznia Szczecińska
75%
67 Stocznia Szczecińska
75%
68 Świergotki
75%
89 Świergotki
75%
52 Tkacka
75%
52 Wyspa Pucka
75%
91 Zakłady Mięsne
75%
76 Brama Portowa
50%
60 Cukrowa
50%
51 Głębokie
50%
67 Karola Miarki
50%
84 Kijewo
50%
64 Klucz Autostrada
50%
76 Logistyczna
50%
79 Osiedle Słoneczne
50%
87 Podbórz
50%
92 Podbórz
50%
53 Pomorzany Dobrzyńska
50%
75 SKM Dworzec Główny Kolumba
50%
61 SKM Dworzec Główny Owocowa
50%
70 SKM Dworzec Główny Owocowa
50%
70 SKM Dworzec Główny Owocowa
50%
87 SKM Dworzec Główny Owocowa
50%
90 SKM Dworzec Główny Owocowa
50%
90 SKM Dworzec Główny Owocowa
50%
63 Skolwin
50%
59 Szosa Polska
50%
54 Turkusowa
50%
65 Turkusowa
50%
84 Turkusowa
50%
91 Turkusowa
50%
62 Ustowo Auchan
50%
80 Zakłady Piekarnicze
50%
86 Zakłady Piekarnicze
50%
82 Krucza Dom Kombatanta
25%
88 Maczka
25%
88 Okulickiego
25%
62 Plac Zwycięstwa
25%
65 Rondo Ułanów Podolskich
25%
69 Rugiańska
25%
57 Warszewo
25%
77 Załom Leśna
25%
Nie znaleziono quizów pasujących do podanych kryteriów
Rozkład punktacji
Procent ludzi z każdym wynikiem
Percentyl według liczby udzielonych odpowiedzi
Twoja historia wyników
Nie rozwiązałeś tego quizu